Statistics for Most Dangerous Countries for American Travelers

Click here to take the quiz!

General Stats

  • This quiz has been taken 15,004 times
  • The average score is 9 of 20

Answer Stats

Per 100,000 Answer % Correct
0.84Mexico
91%
0.86Egypt
64%
1.66Honduras
64%
0.68Guatemala
62%
0.64El Salvador
60%
0.34Nicaragua
59%
3.54Pakistan
58%
0.33Costa Rica
54%
1.96Haiti
53%
1.02Belize
50%
0.37Jamaica
49%
3.20Thailand
47%
1.28Nigeria
45%
2.28Philippines
40%
0.35Ecuador
36%
0.36Ukraine
30%
0.39Jordan
28%
0.43Greece
23%
0.97Guyana
20%
0.30Grenada
16%

Score Distribution

Percentile by Number Answered

Percent of People with Each Score

Your Score History

You have not taken this quiz